00888nam a2200181 a 450000100100000000500170001000800410002704000250006804100140009310000390010724501810014626000400032730000500036750000730041750400220049095201770051299900170068900004011020201002033925.0130807s1973 sp abc 000 0 spa d aDO-SdBNPbspacBNPHU17aspa.hfre1 aMetraux, Alfredd1902-1963.96637510aReligión y magias indegenas de América del sur /cAlfred Metraux ; edición póstuma establecida por Simone Dreyfus ; traducción del francés por Miguel Rivera Dorado. aMadrid :bAguilar Ediciones,c1973. aaXVIII,265 p. :bil., mapas. retrs. ;c25 cm. aIncluye referencias bibliográficas y notas al pie de las páginas aBibliografia : p. 001050718MOaGRbGRcCTd2013-08-07iLF1l0o p40110-10r2020-06-25w2020-06-25y1zPerteneció a la biblioteca personal de Aída Cartagena PortalatínZNo se presta c39600d39600